000 00593nam a2200217Ia 4500
005 20250508164415.0
008 008 250505s9999 xx 000 0 hin d
020 _a978-81-89859-66-4
037 _aTextual
040 _aFEDL
_beng
_cFEDL
041 _ahin
_2eng
084 _a370, RAJ
_qFEDL
100 _aRajput Jagmohan Singh
245 0 _aKyon tanaavgrast hai shiksha-vyavastha
260 _aNew Delhi, India
_bKitab Ghar Parkashan
_c2008
300 _a200p.
365 _aINR
_b250
650 _aEducation
942 _cTEXL
_h370, RAJ
999 _c1388970
_d1388970